| 000 -LEADER |
| fixed length control field |
00543nam a22001817a 4500 |
| 008 - FIXED-LENGTH DATA ELEMENTS--GENERAL INFORMATION |
| fixed length control field |
150520b xxu||||| |||| 00| 0 eng d |
| 020 ## - INTERNATIONAL STANDARD BOOK NUMBER |
| International Standard Book Number |
0256238871 (alk. paper) |
| 041 0# - LANGUAGE CODE |
| Language code of text/sound track or separate title |
eng |
| 080 ## - UNIVERSAL DECIMAL CLASSIFICATION NUMBER |
| Universal Decimal Classification number |
174.8 |
| 100 ## - Rafti |
| Rafti |
Fossum, John A. |
| 245 00 - TITLE STATEMENT |
| Title |
Labor relations : |
| Statement of responsibility, etc |
John A. Fossum. |
| 250 ## - |
| -- |
Botimi shtatë |
| 260 ## - |
| -- |
Boston |
| -- |
Irwin/McGraw-Hill, |
| -- |
c1999. |
| 300 ## - |
| -- |
606 f |
| -- |
me il |
| -- |
24 cm. |
| 505 ## - |
| -- |
Index:f. 590-606 |
| 650 #0 - |
| -- |
Marrëdheniet industriale |
| -- |
Shtetet e bashkuara |
| 942 ## - ADDED ENTRY ELEMENTS (KOHA) |
| Source of classification or shelving scheme |
|
| Item type |
Books |